000 01015nam a2200277 a 4500
001 ASIN1441123695
005 20170105102853.0
008 130821s2011 xxu eng d
020 _a1441123695 (paperback)
_c$44.95
020 _a9781441123695 (paperback)
040 _a0
050 0 4 _aJN1129.C7
082 0 4 _a324.24104
100 1 _aSeawright, David.
245 1 4 _aThe british conservative party and one nation politics /
_cDavid Seawright.
250 _a1st ed.
260 _a[S.l.] :
_bBloomsbury Academic,
_c2011.
300 _a208 p. ;
_c23 cm.
520 _aWon the 2011 Prize for best publication on Conservatives and Conservatism awarded by the specialist group 'Conservatives and Conservatism’ of the UK Political Studies Association.
650 0 _aConservatism
650 0 _aConservative Party (Great Britain)
650 0 _aGreat Britain
650 0 _aPolitical science
856 4 0 _3Amazon.com
_uhttp://www.amazon.com/exec/obidos/ASIN/1441123695/chopaconline-20
942 _2ddc
_cBK
999 _c14350
_d14350